La adaptación del niño al medio escolar

Saved in:
Bibliografiske detaljer
Hovedforfatter: Bodin, Paul (Author)
Format: Bog
Sprog:spansk
Udgivet: Buenos Aires Kapelusz 1949
Serier:Biblioteca de cultura pedagógica
Fag:
Tags: Tilføj Tag
Ingen Tags, Vær først til at tagge denne postø!

MARC

LEADER 00000nam a2200000 a 4500
001 UCW6438
003 CL-VaPUC
008 920108e19490000AG |||||||||||||||||spa|d
082 0 4 |a 370.15  |b BOD  |2 21 
100 0 |a Bodin, Paul  |e author  |9 311469 
245 1 3 |a La adaptación del niño al medio escolar 
300 |a 156 p 
942 |c BK 
945 |d 19920108 00:00:00 
260 |a Buenos Aires  |b Kapelusz  |c 1949 
650 0 |a Adaptación escolar  |9 308713 
650 0 |a Psicología del aprendizaje  |9 306854 
583 |a last modification  |c 20170406 02:58:35  |k Rodrigo Vera 
490 0 |a Biblioteca de cultura pedagógica 
999 |c 219495  |d 219493 
952 |0 0  |1 0  |4 0  |6 370_150000000000000_BOD_1949  |7 0  |8 P  |9 210487  |a BIBEDU  |b BIBEDU  |c BIBEDU_PB  |d 2019-11-15  |i 2786273  |o 370.15 BOD 1949  |p 2786273  |r 2024-01-25  |w 2019-11-15  |y BK  |k EDU 
952 |0 0  |1 0  |4 0  |6 370_150000000000000_BOD_1949  |7 0  |8 P  |9 210488  |a BIBEDU  |b BIBEDU  |c BIBEDU_PB  |d 2019-11-15  |i 1536575  |o 370.15 BOD 1949  |p 1536575  |r 2024-01-25  |w 2019-11-15  |y BK  |k EDU 
952 |0 0  |1 0  |4 0  |6 370_150000000000000_BOD_1949  |7 0  |8 P  |9 210489  |a BIBEDU  |b BIBEDU  |c BIBEDU_PB  |d 2019-11-15  |i 1556193  |o 370.15 BOD 1949  |p 1556193  |r 2024-01-25  |w 2019-11-15  |y BK  |k EDU